Mathematical methods in the physical sciences /
| Автор: | |
|---|---|
| Формат: | Книга |
| Мова: | English |
| Опубліковано: |
Hoboken, NJ :
Wiley,
c1980 [reprinted 2012]
|
| Редагування: | 3rd ed. |
| Предмети: | |
| Онлайн доступ: | Contributor biographical information Publisher description Table of contents only |
| Classic Catalogue: | View this record in Classic Catalogue |
| LEADER | 01623nam a2200361 a 4500 | ||
|---|---|---|---|
| 001 | 29707 | ||
| 003 | BD-DhAAL | ||
| 005 | 20150816151132.0 | ||
| 008 | 150816r20121980njua b 001 0 eng | ||
| 010 | |a 2005279918 | ||
| 020 | |a 9788126508105 | ||
| 020 | |a 9780471198260 (acidfree paper) | ||
| 020 | |a 0471198269 (acidfree paper) | ||
| 020 | |a 9780471365808 (WIE : acidfree paper) | ||
| 020 | |a 0471365807 (WIE : acidfree paper) | ||
| 040 | |a DLC |c DLC |d DLC |d BD-DhAAL | ||
| 050 | 0 | 0 | |a QA37.3 |b .B63 2006 |
| 082 | 0 | 0 | |a 510 |2 22 |
| 100 | 1 | |a Boas, Mary L. |9 13828 | |
| 245 | 1 | 0 | |a Mathematical methods in the physical sciences / |c Mary L. Boas. |
| 250 | |a 3rd ed. | ||
| 260 | |a Hoboken, NJ : |b Wiley, |c c1980 [reprinted 2012] | ||
| 300 | |a xviii, 839 p. : |b ill. ; |c 27 cm. | ||
| 500 | |a Includes index. | ||
| 541 | |e 29707 | ||
| 650 | 0 | |a Mathematics |v Textbooks. |9 13829 | |
| 856 | 4 | 2 | |3 Contributor biographical information |u http://www.loc.gov/catdir/enhancements/fy0626/2005279918-b.html |
| 856 | 4 | 2 | |3 Publisher description |u http://www.loc.gov/catdir/enhancements/fy0626/2005279918-d.html |
| 856 | 4 | 1 | |3 Table of contents only |u http://www.loc.gov/catdir/enhancements/fy0626/2005279918-t.html |
| 942 | |2 ddc |c BK | ||
| 999 | |c 35247 |d 35247 | ||
| 952 | |0 0 |1 0 |2 ddc |4 0 |6 510_000000000000000_BOA |7 0 |9 55268 |a BRACUL |b BRACUL |c GEN |d 2015-08-16 |e Karim International |g 1186.00 |l 4 |m 57 |o 510 BOA |p 3010029707 |r 2025-02-17 |s 2024-10-30 |t 1 |w 2015-08-16 |y BK | ||
| 952 | |0 0 |1 0 |2 ddc |4 0 |6 510_000000000000000_BOA |7 0 |9 55269 |a BRACUL |b BRACUL |c GEN |d 2015-08-16 |e Karim International |g 1186.00 |l 4 |m 48 |o 510 BOA |p 3010029708 |r 2025-01-15 |s 2024-10-22 |t 2 |w 2015-08-16 |y BK | ||